| 000 | 00624nam a22002057a 4500 | ||
|---|---|---|---|
| 010 | _aA-872518 | ||
| 020 | _a818563629 | ||
| 035 | _aA-872518 | ||
| 037 | _bCen Lib / Ret | ||
| 040 |
_aDPL _bEN |
||
| 082 |
_a181.421 _bNYA |
||
| 245 |
_aNyayakusumanjali of udayanacarya / _ctranslated by N. D. David |
||
| 260 |
_aNew Delhi _bIndian Council of Philosophical Research _c1996 |
||
| 270 |
_a54 Rani Jhanshi Road _bNew Delhi _e110055 |
||
| 300 |
_a(v 1. xii, 500p) _b27cm(Hb) |
||
| 650 | _aNyaya -- Early works to 1800. | ||
| 650 | _aNyaya. | ||
| 700 | _aDavid, N. S. | ||
| 942 |
_2ddc _cEN _h181.421 _mNYA |
||
| 999 |
_c136631 _d136631 |
||